Public international trade law

Bewaard in:
Bibliografische gegevens
Formaat: Boek
Taal:Undetermined
Gepubliceerd in: USA Yahoo 2001
Onderwerpen:
Tags: Voeg label toe
Geen labels, Wees de eerste die dit record labelt!
Thư viện lưu trữ: Trung tâm Học liệu Trường Đại học Cần Thơ
LEADER 00402nam a2200157Ia 4500
001 CTU_52950
008 210402s9999 xx 000 0 und d
020 |b 20000 
082 |a 341.754 
082 |b P976 
245 0 |a Public international trade law 
260 |a USA 
260 |b Yahoo 
260 |c 2001 
650 |a foreign trade regulation 
980 |a Trung tâm Học liệu Trường Đại học Cần Thơ